[Event "GER-chT U16 Girls"]
[Site "Neumuenster"]
[Date "2022.12.27"]
[Round "2"]
[White "Burlutskaia, Maria"]
[Black "Margaryan, Sofia"]
[Result "1/2-1/2"]
[WhiteElo "1498"]
[BlackElo "1281"]
[PlyCount "78"]
[EventDate "2022.12.26"]
[EventType "team-swiss"]
[EventRounds "7"]
[EventCountry "GER"]
[SourceTitle "CBM 212 Extra"]
[Source "ChessBase"]
[SourceDate "2023.03.31"]
[SourceVersion "1"]
[SourceVersionDate "2023.03.31"]
[SourceQuality "1"]
[WhiteTeam "Porz SG"]
[BlackTeam "Elmshorn"]
[WhiteTeamCountry "GER"]
[BlackTeamCountry "GER"]

1. e4 d5 2. exd5 Qxd5 3. Nc3 Qa5 4. d4 Bf5 5. Nf3 c6 6. Bc4 Nf6 7. 0-0 e6 8. Re1 Be7 9. Bd2 0-0 10. Nd5 Qd8 11. Nxe7+ Qxe7 12. a3 Rd8 13. h3 h6 14. Ba2 c5 15. Bc3 Nc6 16. d5 Nxd5 17. Bxd5 Rxd5 18. Qxd5 exd5 19. Rxe7 Nxe7 20. Re1 Nc6 21. Re2 Kf8 22. g4 Bh7 23. Ne5 Nxe5 24. Bxe5 b6 25. Bd6+ Kg8 26. Kg2 Rd8 27. Kg3 Bxc2 28. Bf4 Bd3 29. Re7 Ra8 30. Rd7 Bc4 31. h4 f6 32. g5 fxg5 33. hxg5 hxg5 34. Be5 Re8 35. Rxg7+ Kf8 36. Rxg5 Kf7 37. f4 Rg8 38. Kg4 Be2+ 39. Kf5 Bd3+ 1/2-1/2

[Event "GER-chT Lands U20"]
[Site "Wiesbaden"]
[Date "2022.10.02"]
[Round "3.2"]
[White "Burlutskaia, Maria"]
[Black "Struebel, Katharina"]
[Result "1-0"]
[WhiteElo "1468"]
[BlackElo "1273"]
[PlyCount "157"]
[EventDate "2022.09.30"]
[EventType "team-swiss"]
[EventRounds "7"]
[EventCountry "GER"]
[SourceTitle "CBM 210 Extra"]
[Source "ChessBase"]
[SourceDate "2022.11.30"]
[SourceVersion "1"]
[SourceVersionDate "2022.11.30"]
[SourceQuality "1"]
[WhiteTeam "Nordrhein Westfalen U20"]
[BlackTeam "Niedersachsen U20"]
[WhiteTeamCountry "GER"]
[BlackTeamCountry "GER"]

1. e4 e5 2. Nf3 Nc6 3. d4 exd4 4. Bc4 Nf6 5. 0-0 d5 6. exd5 Nxd5 7. c3 Be6 8. Re1 Be7 9. Nxd4 Nxd4 10. Qxd4 0-0 11. f4 b6 12. Qd3 Bc5+ 13. Kh1 c6 14. f5 Bc8 15. b4 Be7 16. Bb2 Bf6 17. Bxd5 Qxd5 18. Qxd5 cxd5 19. Na3 Bxf5 20. Rad1 Be4 21. Nb5 Rfd8 22. Nd4 Rac8 23. b5 Rc4 24. Nc6 Rd7 25. h3 h6 26. Re3 Rc5 27. Rxe4 Rxb5 28. Re8+ Kh7 29. Ba1 Rc5 30. Nd4 Rdc7 31. g3 Rc4 32. Nb5 Rd7 33. Kg2 Rc5 34. Nd4 Ra5 35. Re2 Re7 36. Rxe7 Bxe7 37. Rd2 Rc5 38. Nb3 Rc6 39. Rxd5 Rc7 40. Kf3 Bf6 41. Rd3 Kg6 42. Nd4 Rd7 43. Bb2 Rd5 44. Ke4 Ra5 45. a3 Re5+ 46. Kf3 Rd5 47. Bc1 a6 48. Bf4 b5 49. Ke4 Rd7 50. Nc6 Rb7 51. Be5 Bg5 52. Na5 Re7 53. Kd5 Rd7+ 54. Bd6 Be7 55. Kc6 Rd8 56. Kc7 Rxd6 57. Rxd6+ Bxd6+ 58. Kxd6 Kf5 59. Kd5 h5 60. Nb3 g5 61. Nd4+ Kg6 62. g4 h4 63. Ke5 f6+ 64. Ke6 Kg7 65. Nc6 Kg6 66. Nb8 a5 67. Nc6 b4 68. cxb4 axb4 69. axb4 Kg7 70. Ke7 Kg6 71. Ke6 Kg7 72. b5 Kf8 73. b6 f5 74. b7 fxg4 75. b8Q+ Kg7 76. Qc7+ Kg6 77. Ne5+ Kh6 78. Nxg4+ Kg6 79. Qf7# 1-0

[Event "GER-chT U12"]
[Site "Naumburg Saale"]
[Date "2022.03.27"]
[Round "4.1"]
[White "Merenda, Lukas Benedikt"]
[Black "Burlutskaia, Maria"]
[Result "0-1"]
[WhiteElo "1479"]
[BlackElo "1420"]
[PlyCount "56"]
[EventDate "2022.03.25"]
[EventType "team-swiss"]
[EventRounds "6"]
[EventCountry "GER"]
[SourceTitle "EXT 2023"]
[Source "ChessBase"]
[SourceDate "2022.10.05"]
[SourceVersion "1"]
[SourceVersionDate "2022.10.05"]
[SourceQuality "1"]
[WhiteTeam "Muenchen SF"]
[BlackTeam "Fritzdorf"]
[WhiteTeamCountry "GER"]
[BlackTeamCountry "GER"]

1. e4 e5 2. Nf3 Nc6 3. Bc4 Nf6 4. Ng5 d5 5. exd5 Na5 6. Bb5+ c6 7. dxc6 bxc6 8. Bd3 h6 9. Ne4 Nd5 10. 0-0 Be7 11. Nbc3 0-0 12. Re1 Nf4 13. Bf1 f5 14. Ng3 Bd6 15. a3 c5 16. d3 Bb7 17. Nb5 Bb8 18. b4 cxb4 19. axb4 Nc6 20. Rb1 a6 21. Na3 Nd4 22. Bxf4 exf4 23. Ne2 Nf3+ 24. gxf3 Bxf3 25. h3 Qg5+ 26. Kh2 Bxe2 27. Rxe2 f3+ 28. Kh1 Qf4 0-1

[Event "Heusenstamm Sparkassen op-B 7th"]
[Site "Heusenstamm"]
[Date "2021.11.21"]
[Round "6.32"]
[White "Laux, Filip"]
[Black "Burlutskaia, Maria"]
[Result "1/2-1/2"]
[WhiteElo "1320"]
[BlackElo "1415"]
[PlyCount "72"]
[EventDate "2021.11.18"]
[EventType "swiss"]
[EventRounds "7"]
[EventCountry "GER"]
[SourceTitle "EXT 2023"]
[Source "ChessBase"]
[SourceDate "2022.10.05"]
[SourceVersion "1"]
[SourceVersionDate "2022.10.05"]
[SourceQuality "1"]

1. e4 d6 2. d4 Nf6 3. Nc3 e5 4. Nf3 Nbd7 5. Bc4 Be7 6. a4 0-0 7. 0-0 c6 8. Re1 h6 9. h3 Qc7 10. d5 Nb6 11. Bb3 cxd5 12. exd5 Bf5 13. Nb5 Qc8 14. a5 Nbd7 15. Bd2 Nc5 16. Rc1 Nxb3 17. cxb3 Qd7 18. Nc3 Rfc8 19. b4 Ne8 20. Qe2 Nc7 21. Be3 Na6 22. Na2 Qa4 23. b5 Nb4 24. Nxb4 Qxb4 25. a6 b6 26. Qd2 Qxd2 27. Nxd2 Bd3 28. b3 Bxb5 29. Ra1 Bg5 30. Bxg5 hxg5 31. Ne4 f6 32. Nxd6 Rc5 33. Red1 Bd7 34. b4 Rc2 35. Rdc1 Rxc1+ 36. Rxc1 Kf8 1/2-1/2

[Event "Heusenstamm Sparkassen op-B 7th"]
[Site "Heusenstamm"]
[Date "2021.11.20"]
[Round "5.23"]
[White "Burlutskaia, Maria"]
[Black "Wartenberg, Alexander"]
[Result "0-1"]
[WhiteElo "1415"]
[BlackElo "1405"]
[PlyCount "40"]
[EventDate "2021.11.18"]
[EventType "swiss"]
[EventRounds "7"]
[EventCountry "GER"]
[SourceTitle "EXT 2023"]
[Source "ChessBase"]
[SourceDate "2022.10.05"]
[SourceVersion "1"]
[SourceVersionDate "2022.10.05"]
[SourceQuality "1"]

1. e4 e5 2. Nf3 Nf6 3. Nxe5 d6 4. Nf3 Nxe4 5. Bc4 d5 6. Qe2 Be7 7. Bb3 0-0 8. d3 Nf6 9. h3 Bb4+ 10. c3 Ba5 11. 0-0 c5 12. Bg5 Be6 13. d4 Bb6 14. Nbd2 Re8 15. Bxf6 gxf6 16. Qd1 Kh8 17. Bc2 Rg8 18. Kh1 Qd7 19. dxc5 Bxh3 20. Ne1 Bxg2+ 0-1

[Event "Heusenstamm Sparkassen op-B 7th"]
[Site "Heusenstamm"]
[Date "2021.11.20"]
[Round "4.27"]
[White "Gude, Michael"]
[Black "Burlutskaia, Maria"]
[Result "0-1"]
[WhiteElo "1643"]
[BlackElo "1415"]
[PlyCount "110"]
[EventDate "2021.11.18"]
[EventType "swiss"]
[EventRounds "7"]
[EventCountry "GER"]
[SourceTitle "EXT 2023"]
[Source "ChessBase"]
[SourceDate "2022.10.05"]
[SourceVersion "1"]
[SourceVersionDate "2022.10.05"]
[SourceQuality "1"]

1. e4 e5 2. Nf3 Nc6 3. Bc4 Bc5 4. c3 Nf6 5. d3 d6 6. h3 0-0 7. 0-0 h6 8. Re1 a6 9. Bb3 Ba7 10. Nbd2 Re8 11. Nf1 Ne7 12. Ng3 Ng6 13. d4 Be6 14. Be3 Bxb3 15. Qxb3 Qd7 16. Rad1 exd4 17. Bxd4 Qb5 18. Qxb5 axb5 19. a3 Nd7 20. Bxa7 Rxa7 21. Nd4 Re5 22. Ngf5 Nf6 23. f3 Rc5 24. Kf2 Kf8 25. g3 Ne7 26. Ne3 Nc6 27. Nb3 Re5 28. Rd2 Ra8 29. Red1 Rae8 30. Rd3 Rg5 31. Nd4 Ne5 32. R3d2 Nc4 33. Nxc4 bxc4 34. Nf5 Rh5 35. h4 g6 36. g4 gxf5 37. gxh5 fxe4 38. Re2 exf3 39. Rxe8+ Kxe8 40. Kxf3 Nd7 41. Kg4 Ne5+ 42. Kf5 Ke7 43. Re1 b6 44. a4 Kf8 45. Re4 Ke7 46. Re2 Ke8 47. Rxe5+ dxe5 48. Kxe5 Ke7 49. Kf5 c6 50. Ke5 f6+ 51. Kd4 Kd6 52. Ke4 Ke6 53. Kd4 Kf5 54. Kxc4 Ke4 55. a5 bxa5 0-1

[Event "Heusenstamm Sparkassen op-B 7th"]
[Site "Heusenstamm"]
[Date "2021.11.18"]
[Round "1.4"]
[White "Burlutskaia, Maria"]
[Black "Ngo, Quang Thai"]
[Result "0-1"]
[WhiteElo "1415"]
[BlackElo "1779"]
[PlyCount "54"]
[EventDate "2021.11.18"]
[EventType "swiss"]
[EventRounds "7"]
[EventCountry "GER"]
[SourceTitle "EXT 2023"]
[Source "ChessBase"]
[SourceDate "2022.10.05"]
[SourceVersion "1"]
[SourceVersionDate "2022.10.05"]
[SourceQuality "1"]

1. e4 c5 2. Nc3 e6 3. Bc4 Nc6 4. Nf3 a6 5. a4 Nge7 6. Qe2 Qc7 7. 0-0 Ng6 8. d3 Bd6 9. g3 h5 10. h4 Nge5 11. Nxe5 Nxe5 12. Bb3 b6 13. f4 Ng4 14. Qf3 Bb7 15. Nd1 0-0-0 16. c3 f5 17. Bc2 g5 18. fxg5 fxe4 19. dxe4 Rdf8 20. Bf4 e5 21. g6 Rhg8 22. Nf2 Rxg6 23. Qd3 exf4 24. Rad1 Ne5 25. Qe2 Rxg3+ 26. Kh1 Qd8 27. Qxh5 Rh8 0-1

[Event "EU-ch Hybrid U12 Girls"]
[Site "Tornelo INT"]
[Date "2021.10.15"]
[Round "5"]
[White "Skramstad, Oda Kofoed"]
[Black "Burlutskaia, Maria"]
[Result "0-1"]
[WhiteElo "1289"]
[BlackElo "1405"]
[PlyCount "106"]
[EventDate "2021.10.15"]
[EventType "swiss"]
[EventRounds "9"]
[EventCountry "NET"]
[SourceTitle "EXT 2023"]
[Source "ChessBase"]
[SourceDate "2022.10.05"]
[SourceVersion "1"]
[SourceVersionDate "2022.10.05"]
[SourceQuality "1"]
[WhiteTeam "Norway"]
[BlackTeam "Germany"]
[WhiteTeamCountry "NOR"]
[BlackTeamCountry "GER"]

1. d4 d6 2. c4 e5 3. dxe5 dxe5 4. Qxd8+ Kxd8 5. Nf3 f6 6. Nc3 c6 7. e3 Kc7 8. Be2 Bb4 9. Bd2 Nh6 10. a3 Be7 11. e4 Nf7 12. b4 Be6 13. Be3 Nd6 14. c5 Nc4 15. Bc1 a5 16. 0-0 axb4 17. Nd1 Bxc5 18. a4 Nd7 19. Re1 Ndb6 20. Bxc4 Nxc4 21. Nb2 Nxb2 22. Bxb2 Ra6 23. Rec1 Be7 24. Ne1 Rha8 25. Rd1 Rxa4 26. Rac1 Ra2 27. Ba1 b3 28. Nd3 Ba3 29. Rb1 Bc4 30. Nb2 Bxb2 31. Bxb2 Rd8 32. Rdc1 Bd3 33. Bxe5+ fxe5 34. Rxb3 Bxe4 35. Re3 Rc2 36. Rce1 Bd5 37. Rxe5 b5 38. Rb1 Kd6 39. Re3 Rb8 40. Kf1 b4 41. g3 b3 42. Ree1 Rf8 43. Red1 Rfxf2+ 44. Kg1 Rxh2 45. Rxd5+ cxd5 46. Rxb3 Rhd2 47. Rb1 Ke5 48. Re1+ Kf5 49. Rf1+ Kg4 50. Rf4+ Kxg3 51. Rf2 Rd1+ 52. Rf1 Rg2+ 53. Kh1 Rxf1# 0-1

[Event "GER-ch U12 Girls"]
[Site "Willingen"]
[Date "2021.08.28"]
[Round "8"]
[White "Sickmann, Lisa"]
[Black "Burlutskaia, Maria"]
[Result "0-1"]
[WhiteElo "1462"]
[BlackElo "1337"]
[PlyCount "82"]
[EventDate "2021.08.22"]
[EventType "swiss"]
[EventRounds "9"]
[EventCountry "GER"]
[SourceTitle "EXT 2022"]
[Source "ChessBase"]
[SourceDate "2021.10.06"]
[SourceVersion "1"]
[SourceVersionDate "2021.10.06"]
[SourceQuality "1"]

1. e4 d6 2. d4 Nf6 3. Nc3 Nbd7 4. Nf3 e5 5. g3 exd4 6. Nxd4 g6 7. Bg2 Bg7 8. 0-0 0-0 9. h3 Re8 10. g4 Nc5 11. Re1 d5 12. exd5 Rxe1+ 13. Qxe1 Nxg4 14. Ndb5 Nf6 15. Bf4 Ne8 16. Qe3 Na6 17. Re1 Bd7 18. Qe7 Qxe7 19. Rxe7 Bxb5 20. Nxb5 Kf8 21. d6 Bf6 22. Bxb7 Rb8 23. dxc7 Naxc7 24. Bxc7 Rxb7 25. Rxe8+ Kxe8 26. Nd6+ Kd7 27. Nxb7 Kxc7 28. Nc5 Bxb2 29. Kf1 Kd6 30. Nd3 Bc3 31. Ke2 Kc6 32. Nf4 Be5 33. Ke3 Bxf4+ 34. Kxf4 f6 35. h4 Kc5 36. Ke3 Kc4 37. Kd2 h6 38. f3 g5 39. h5 f5 40. a3 a5 41. c3 a4 0-1

[Event "GER-ch U12 Girls"]
[Site "Willingen"]
[Date "2021.08.24"]
[Round "3"]
[White "Burlutskaia, Maria"]
[Black "Tran, Hanna Emilie Mai Ho"]
[Result "1-0"]
[WhiteElo "1337"]
[BlackElo "1077"]
[PlyCount "93"]
[EventDate "2021.08.22"]
[EventType "swiss"]
[EventRounds "9"]
[EventCountry "GER"]
[SourceTitle "EXT 2022"]
[Source "ChessBase"]
[SourceDate "2021.10.06"]
[SourceVersion "1"]
[SourceVersionDate "2021.10.06"]
[SourceQuality "1"]

1. e4 e5 2. Nf3 Nc6 3. d4 exd4 4. c3 dxc3 5. Bc4 Bb4 6. 0-0 Nf6 7. Nxc3 0-0 8. e5 Bxc3 9. bxc3 Ng4 10. Re1 Re8 11. Qd5 Re6 12. Ng5 Rxe5 13. Qxf7+ Kh8 14. Rxe5 Ngxe5 15. f4 Nxf7 16. Nxf7+ Kg8 17. Nxd8+ Kf8 18. Nxc6 bxc6 19. Ba3+ d6 20. Re1 Bf5 21. Kf2 g6 22. Be6 Bd3 23. Bc1 Kg7 24. c4 Rb8 25. Re3 Bc2 26. Re2 Bd3 27. Rd2 Be4 28. Ke3 Bb1 29. Bd7 c5 30. Rb2 Rxb2 31. Bxb2+ Kf7 32. a4 Ke7 33. Bg4 c6 34. Bf3 Ke6 35. Bxc6 Bf5 36. Be4 Bxe4 37. Kxe4 a6 38. g4 Ke7 39. Kd5 Kd7 40. f5 gxf5 41. gxf5 h5 42. f6 h4 43. f7 Ke7 44. f8Q+ Kxf8 45. Kxd6 Kf7 46. Kxc5 Kg6 47. Kd6 1-0